| 000 | 01138nam a22003257a 4500 | ||
|---|---|---|---|
| 003 | CHAP | ||
| 005 | 20220329140314.0 | ||
| 008 | 971013s1973 r 00010 d | ||
| 010 | _a50094 | ||
| 011 | _a51066 | ||
| 035 | _a55216 | ||
| 040 | _cCHAP | ||
| 090 | _aTesis | ||
| 100 | 0 | 0 |
_aRodríguez Cárdenas, Héctor José. _998407 |
| 245 | _aObtención de patrones de consumo de subproductos de la leche (queso y matequilla) en el área metropolitana de Monterrey | ||
| 260 |
_aMonterrey, N. L. : _bEl autor, _c1973 |
||
| 300 |
_a62 h. _b: ilus. |
||
| 502 | _aTesis (Ing. Agr. Administrador) -- ITESM. División de Ciencias Agropecuarias y Marítimas | ||
| 590 |
_aALEPH _b10 _c20130110 _lUCH01 _h1324 |
||
| 590 |
_aBATCH-UPD _b10 _c20130110 _lUCH01 _h0504 |
||
| 590 |
_aBATCH-UPD _b10 _c20130410 _lUCH01 _h0142 |
||
| 590 |
_aBATCH-UPD _b10 _c20130914 _lUCH01 _h1744 |
||
| 590 |
_aCONVERSION _b10 _c20130109 _lUCH01 _h1327 |
||
| 650 | 1 | 4 |
_aMantequilla _xConsumo. _970589 |
| 650 | 1 | 4 |
_aProductos lácteos _xConsumo. _992128 |
| 650 | 1 | 4 |
_aQueso _xConsumo. _993227 |
| 901 | _aBK | ||
| 942 | _cTESIS | ||
| 949 |
_bBC _cTES _d-121306 _eTS1 _i55216 _si |
||
| 999 |
_c50094 _d50094 |
||